1936 1642 1315 1207 1762 1641 1323 1226 1465 1758 1839 1169 1728 1680 1025 1559 1768 1013 1891 1009 1656 1002 1492 1896 1871 1116 1300 1702 1115 1037 1534 1102 1797 1384 1336 1340 1043 1972 1570 1494 1520 1150 1896 1848 1234 1151 1481 1068 1370 1966 1846 1698 1648 1425 1536 1659 1529 1876 1662 1435 1608 1664 1841 1368 1185 1917 1640 1920 1283 1505 1264 1875 1973 1218 1473 1530 1240 1171 1927 1291 1874 1142 1822 1801 1408 1924 1470 1465 1547 1077 1336 1101 1802 1656 1811 1841 1154 1198 1045 BCNSPRNW ULIB Ver.6.0+V

เปลี่ยนเป็นภาษาไทย

Change to English
 แสดงรายละเอียดบรรณานุกรม
  กลับหน้าหลัก

Brief Record : Get Marc (ISO 2709) : E-mail record : QR code < ปิดหน้าต่าง
LEADER : 00000nam 2200000uu 4500
001    13399128155
003     ULIB
008    220727s2564||||th 000 0 tha d
020 ^- ^a9786160043842
050 04 ^aนว^bซ116น
100 ^- ^aซ่อนกลิ่น
245 ^- ^aน่าน ฟ้า ชลาลัย/^cซ่อนกลิ่น
260 ^- ^aกรุงเทพฯ :^bพิมพ์คำ,^c2564
300 ^- ^a640 หน้า ;^c21 ซม.
650 ^4 ^aนวนิยายไทย
945    ^p440^l0^i009249
999    ^aประนอม เกษจรัล
รายการนี้ยังไม่มีแท็ก
คุณยังไม่ได้ล็อกอิน คุณสามารถมีกิจกรรมร่วมกับเว็บไซต์ได้ แต่ต้องล็อกอินก่อน ::
  ล็อกอิน

รายการสื่อสารสนเทศ

ลำดับที่ ประเภท เลขเรียก/บาร์โค้ด สถานที่ สถานะ
1. นวนิยาย
นวนิยาย
นว ซ116น ฉ.1 
  Barcode: 009249
ห้องสมุดวิทยาเขตสวรรค์ประชารักษ์
►นวนิยาย
บนชั้น
  ขอยืม

รายการใกล้เคียง
    ผู้แต่ง [ซ่อนกลิ่น]

    หัวเรื่อง [นวนิยายไทย]

BibComment


ยังไม่เคยถูกคอมเมนท์

คอมเมนท์ทรัพยากรรายการนี้
  คอมเมนท์: น่าน ฟ้า ชลาลัย ..


 Copyright 2026. Bcnsprnw @Library